La filosofía moderna de Kant a Hegel

Kaydedildi:
Detaylı Bibliyografya
Yazar: Messer, Augusto (autor)
Materyal Türü: Kitap
Dil:İspanyolca
Baskı/Yayın Bilgisi: Buenos Aires Espasa-Calpe 1939
Seri Bilgileri:Biblioteca Filosófica
Konular:
Etiketler: Etiketle
Etiket eklenmemiş, İlk siz ekleyin!

MARC

LEADER 00000nam a2200000 a 4500
001 UCZ8938
003 CL-VaPUC
008 960126e19390000AG |||||||||||||||||spa|d
082 0 4 |a 190  |b MES  |2 21 
100 |a Messer, Augusto  |e autor  |9 542433 
245 1 3 |a La filosofía moderna de Kant a Hegel 
300 |a 265 p 
942 |c BK 
945 |d 19960126 00:00:00  |a rleighto 
260 |a Buenos Aires  |b Espasa-Calpe  |c 1939 
650 0 |a Filosofía moderna  |9 258121 
650 0 |a Ética  |9 255099 
650 0 |a Religión   |9 255164 
650 0 |a Teología   |9 258766 
583 |a last modification  |c 19960126 00:00:00  |k Rodrigo Vera 
490 0 |a Biblioteca Filosófica 
999 |c 244612  |d 244610 
952 |0 0  |1 0  |4 0  |6 190_000000000000000_MES_1939  |7 0  |8 P  |9 258726  |a BIBEDU  |b BIBEDU  |c BIBEDU_PB  |d 2019-11-19  |i 3172880  |l 1  |o 190 MES 1939  |p 3172880  |q 2025-05-29  |r 2025-04-29  |s 2025-04-29  |w 2019-11-19  |y BK  |k FIL